[Event "ZN-2015-0-03068"]
[Site "LSS email"]
[Date "2015.05.03"]
[Round "?"]
[White "Hendershot, Paul"]
[Black "Bokros, Csaba"]
[Result "0-1"]
[WhiteElo "481"]
[BlackElo "799"]
[PlyCount "28"]
[EventDate "2015.04.24"]
[EventType "match (corr)"]
[EventRounds "2"]
[EventCountry "GER"]
[SourceTitle "Corr 2022"]
[Source "ChessBase"]
[SourceDate "2021.10.24"]
[SourceVersion "1"]
[SourceVersionDate "2021.10.24"]
[SourceQuality "1"]

1. e4 e5 2. d3 d6 3. Nf3 Nf6 4. Nc3 c5 5. Bg5 Be7 6. Bd2 0-0 7. Nh4 Nc6 8. Qf3 d5 9. exd5 Bg4 10. Qg3 Nb4 11. Qxe5 Bd6 12. Bg5 Bxe5 13. h3 Bxc3+ 14. bxc3 Nxc2+ 0-1

[Event "ZN-2015-0-03063"]
[Site "LSS email"]
[Date "2015.04.23"]
[Round "?"]
[White "Hendershot, Paul"]
[Black "Lenz, Juergen"]
[Result "0-1"]
[WhiteElo "490"]
[BlackElo "1034"]
[PlyCount "34"]
[EventDate "2015.04.16"]
[EventType "match (corr)"]
[EventRounds "2"]
[EventCountry "GER"]
[SourceTitle "Corr 2022"]
[Source "ChessBase"]
[SourceDate "2021.10.24"]
[SourceVersion "1"]
[SourceVersionDate "2021.10.24"]
[SourceQuality "1"]

1. e4 Nf6 2. d3 d5 3. e5 Nfd7 4. Nc3 e6 5. Nf3 c5 6. Bg5 Be7 7. Be2 Bxg5 8. 0-0 0-0 9. Nb5 Be7 10. d4 a6 11. Nc3 cxd4 12. Na4 b5 13. Nc5 Bxc5 14. Qd3 Nc6 15. Qd2 Ndxe5 16. Ng5 h6 17. b3 Qxg5 0-1

[Event "ZN-2015-0-03047"]
[Site "LSS email"]
[Date "2015.04.05"]
[Round "?"]
[White "Ducharme, Steven"]
[Black "Hendershot, Paul"]
[Result "0-1"]
[WhiteElo "925"]
[BlackElo "521"]
[PlyCount "37"]
[EventDate "2015.04.01"]
[EventType "match (corr)"]
[EventRounds "2"]
[EventCountry "GER"]
[SourceTitle "Corr 2022"]
[Source "ChessBase"]
[SourceDate "2021.10.24"]
[SourceVersion "1"]
[SourceVersionDate "2021.10.24"]
[SourceQuality "1"]

1. c4 e5 2. d3 Nf6 3. g3 Bb4+ 4. Bd2 Bc5 5. Bg2 d6 6. e3 0-0 7. Ne2 Ng4 8. h3 Qf6 9. hxg4 Bxg4 10. Nbc3 Nc6 11. Ne4 Qf5 12. Nxc5 dxc5 13. e4 Qf6 14. Rh4 h5 15. Bc3 g5 16. Rxg4 hxg4 17. Ng1 Rad8 18. Qxg4 Rxd3 19. Bf1 0-1

[Event "ZN-2015-0-03028"]
[Site "LSS email"]
[Date "2015.03.21"]
[Round "?"]
[White "Ortiz, Juan Guillermo"]
[Black "Hendershot, Paul"]
[Result "1-0"]
[WhiteElo "481"]
[BlackElo "516"]
[PlyCount "41"]
[EventDate "2015.03.16"]
[EventType "match (corr)"]
[EventRounds "2"]
[EventCountry "GER"]
[SourceTitle "Corr 2022"]
[Source "ChessBase"]
[SourceDate "2021.10.24"]
[SourceVersion "1"]
[SourceVersionDate "2021.10.24"]
[SourceQuality "1"]

1. e4 e5 2. Nf3 f6 3. d4 Ne7 4. d5 Na6 5. Nc3 d6 6. Bb5+ Bd7 7. 0-0 Bxb5 8. Nxb5 Ng6 9. c3 Qd7 10. a4 Nc5 11. c4 0-0-0 12. Nxa7+ Kb8 13. Nb5 Nf4 14. Bxf4 exf4 15. Nh4 Nxe4 16. a5 f3 17. Nxf3 h5 18. Qd4 f5 19. a6 bxa6 20. Qa7+ Kc8 21. Qa8# 1-0

[Event "ZN-2015-0-03011"]
[Site "LSS email"]
[Date "2015.03.02"]
[Round "?"]
[White "Hendershot, Paul"]
[Black "Raines, David T"]
[Result "0-1"]
[WhiteElo "528"]
[BlackElo "1102"]
[PlyCount "44"]
[EventDate "2015.02.24"]
[EventType "match (corr)"]
[EventRounds "2"]
[EventCountry "GER"]
[SourceTitle "Corr 2022"]
[Source "ChessBase"]
[SourceDate "2021.10.24"]
[SourceVersion "1"]
[SourceVersionDate "2021.10.24"]
[SourceQuality "1"]

1. e4 c5 2. Nc3 g6 3. Nf3 Bg7 4. Bc4 Nc6 5. Ng5 e6 6. Qf3 Nf6 7. Nb5 d6 8. Bxe6 Bxe6 9. 0-0 Bc4 10. d3 Bxb5 11. Bf4 0-0 12. Qh3 Ne5 13. Bxe5 dxe5 14. Rac1 Bd7 15. Qe3 b6 16. Rce1 h6 17. d4 cxd4 18. Qa3 hxg5 19. Rd1 Nxe4 20. Qh3 Bxh3 21. gxh3 Qd7 22. f3 Nc5 0-1

[Event "ZN-2015-0-03003"]
[Site "LSS email"]
[Date "2015.02.22"]
[Round "?"]
[White "Hendershot, Paul"]
[Black "Newton, Daryl"]
[Result "0-1"]
[WhiteElo "536"]
[BlackElo "451"]
[PlyCount "56"]
[EventDate "2015.02.17"]
[EventType "match (corr)"]
[EventRounds "2"]
[EventCountry "GER"]
[SourceTitle "Corr 2022"]
[Source "ChessBase"]
[SourceDate "2021.10.24"]
[SourceVersion "1"]
[SourceVersionDate "2021.10.24"]
[SourceQuality "1"]

1. e4 e5 2. d3 Nf6 3. Be3 Bb4+ 4. c3 Ba5 5. Nf3 b6 6. Nxe5 Qe7 7. Be2 Qxe5 8. Bd4 Qf4 9. Bf3 c5 10. e5 cxd4 11. Bxa8 Qxe5+ 12. Qe2 d6 13. 0-0 Ng4 14. Na3 0-0 15. Qxg4 a6 16. Qf3 b5 17. Nc2 dxc3 18. Rfe1 Qc5 19. bxc3 Bxc3 20. Re4 Bxa1 21. h3 Qxc2 22. Qe3 Qb1+ 23. Kh2 Qxa2 24. Re8 Be5+ 25. g3 Rxe8 26. Qe4 Qxf2+ 27. Qg2 Bxg3+ 28. Kh1 Re1+ 0-1

[Event "ZN-2015-0-02959"]
[Site "LSS email"]
[Date "2015.01.09"]
[Round "?"]
[White "Hendershot, Paul"]
[Black "Nejdek, Petr"]
[Result "1-0"]
[WhiteElo "559"]
[BlackElo "558"]
[PlyCount "37"]
[EventDate "2015.01.14"]
[EventType "match (corr)"]
[EventRounds "2"]
[EventCountry "GER"]
[SourceTitle "Corr 2022"]
[Source "ChessBase"]
[SourceDate "2021.10.24"]
[SourceVersion "1"]
[SourceVersionDate "2021.10.24"]
[SourceQuality "1"]

1. e4 e5 2. d3 d6 3. Nf3 Be7 4. Nc3 Bg4 5. Be2 Nc6 6. Nd5 Nf6 7. 0-0 Bxf3 8. Bxf3 Nd4 9. Bd2 Nxd5 10. exd5 Bg5 11. c3 Nxf3+ 12. Qxf3 Bxd2 13. Qg3 Qf6 14. b4 Qg6 15. Qh4 f6 16. Qc4 Bf4 17. Rad1 Rc8 18. Qb5+ Kf7 19. Qd7+ 1-0

[Event "ZN-2015-0-02959"]
[Site "LSS email"]
[Date "2015.01.09"]
[Round "?"]
[White "Nejdek, Petr"]
[Black "Hendershot, Paul"]
[Result "1-0"]
[WhiteElo "558"]
[BlackElo "559"]
[PlyCount "61"]
[EventDate "2015.01.14"]
[EventType "match (corr)"]
[EventRounds "2"]
[EventCountry "GER"]
[SourceTitle "Corr 2022"]
[Source "ChessBase"]
[SourceDate "2021.10.24"]
[SourceVersion "1"]
[SourceVersionDate "2021.10.24"]
[SourceQuality "1"]

1. e4 e5 2. Bc4 Nf6 3. d3 Nc6 4. a3 Nd4 5. Be3 Nc6 6. Nf3 Ng4 7. Qd2 d6 8. h3 Nf6 9. Nc3 Be6 10. Bxe6 fxe6 11. Ng5 Qe7 12. g4 0-0-0 13. Na4 d5 14. Bc5 Qd7 15. b4 Bxc5 16. Nxc5 Qd6 17. c3 dxe4 18. Nf7 Qe7 19. Nxh8 Rxh8 20. dxe4 h5 21. g5 Rd8 22. Qc2 Nh7 23. h4 Kb8 24. Rd1 Rf8 25. Qa4 Qf7 26. Rf1 Qf3 27. Qb5 b6 28. Nd7+ Kb7 29. Nc5+ Ka8 30. Qxc6+ Kb8 31. Nd7+ 1-0

[Event "ZN-2014-0-02938"]
[Site "LSS email"]
[Date "2015.01.01"]
[Round "?"]
[White "Nejdek, Petr"]
[Black "Hendershot, Paul"]
[Result "1-0"]
[WhiteElo "642"]
[BlackElo "529"]
[PlyCount "75"]
[EventDate "2014.12.29"]
[EventType "match (corr)"]
[EventRounds "2"]
[EventCountry "GER"]
[SourceTitle "Corr 2015"]
[Source "ChessBase"]
[SourceDate "2015.07.17"]
[SourceVersion "1"]
[SourceVersionDate "2015.07.17"]
[SourceQuality "1"]

1. e4 e5 2. Bc4 Nf6 3. d3 d6 4. Nc3 Nc6 5. Be3 Ng4 6. Qd2 Be7 7. f3 a6 8. fxg4 Bxg4 9. Nf3 0-0 10. h3 Bh5 11. g4 Bg6 12. h4 b5 13. Bd5 Qd7 14. Bxc6 Qxc6 15. h5 Qd7 16. Nd5 c5 17. Nb6 Qxg4 18. Nxa8 Qxf3 19. Rf1 Qxh5 20. Nb6 Qh4+ 21. Bf2 Bg5 22. Bxh4 Bxd2+ 23. Kxd2 Rb8 24. Nd5 Re8 25. Rg1 Rd8 26. Bxd8 Kf8 27. Rg2 Bh5 28. Rh2 Bg6 29. Rg1 h6 30. Ne7 Ke8 31. Nxg6 fxg6 32. Bb6 Kf7 33. Rf1+ Kg8 34. Bc7 g5 35. Bxd6 Kh7 36. Bxe5 g6 37. Rf7+ Kg8 38. Rhf2 1-0

[Event "ZN-2014-0-02929"]
[Site "LSS email"]
[Date "2014.12.27"]
[Round "?"]
[White "Rada, Karel"]
[Black "Hendershot, Paul"]
[Result "1-0"]
[WhiteElo "940"]
[BlackElo "529"]
[PlyCount "43"]
[EventDate "2014.12.23"]
[EventType "match (corr)"]
[EventRounds "2"]
[EventCountry "GER"]
[SourceTitle "Corr 2015"]
[Source "ChessBase"]
[SourceDate "2015.07.17"]
[SourceVersion "1"]
[SourceVersionDate "2015.07.17"]
[SourceQuality "1"]

1. e4 e5 2. Nf3 d6 3. Bc4 Be7 4. d4 Nd7 5. dxe5 dxe5 6. Bxf7+ Kxf7 7. Qd5+ Ke8 8. Nxe5 Nxe5 9. Qxe5 Bg4 10. 0-0 Be2 11. Re1 Nf6 12. Nc3 Bh5 13. Bg5 Rf8 14. Bxf6 Rxf6 15. Qxh5+ Kd7 16. Rad1+ Bd6 17. e5 Re6 18. exd6 Qe8 19. dxc7+ Kc8 20. Qxe8+ Rxe8 21. Rxe8+ Kxc7 22. Rxa8 1-0

[Event "ZN-2014-0-02909"]
[Site "LSS email"]
[Date "2014.12.10"]
[Round "?"]
[White "Bokros, Csaba"]
[Black "Hendershot, Paul"]
[Result "0-1"]
[WhiteElo "724"]
[BlackElo "529"]
[PlyCount "62"]
[EventDate "2014.12.07"]
[EventType "match (corr)"]
[EventRounds "2"]
[EventCountry "GER"]
[SourceTitle "Corr 2015"]
[Source "ChessBase"]
[SourceDate "2015.07.17"]
[SourceVersion "1"]
[SourceVersionDate "2015.07.17"]
[SourceQuality "1"]

1. c4 e5 2. Nc3 c6 3. e4 Nf6 4. Nf3 Be7 5. a3 d6 6. g3 Na6 7. Bg2 Be6 8. d3 Ng4 9. h3 Nf6 10. 0-0 0-0 11. Be3 c5 12. Re1 Nh5 13. Nxe5 Qb6 14. Qc2 dxe5 15. Na4 Qd8 16. Qe2 Bg5 17. Qxh5 Bxe3 18. Rxe3 Qe8 19. Qxe5 Qxa4 20. Qc3 Qd7 21. g4 Qd6 22. e5 Qd8 23. Bxb7 Rb8 24. Bxa6 Bc8 25. Bb5 a6 26. Bc6 Qg5 27. Bf3 Bd7 28. Rb1 Rb6 29. Kh2 Qh4 30. Rf1 Rh6 31. Rg1 Qxh3# 0-1

[Event "ZN-2014-0-02879"]
[Site "LSS email"]
[Date "2014.11.23"]
[Round "?"]
[White "Hendershot, Paul"]
[Black "Huseby, Juan Carlos"]
[Result "1-0"]
[WhiteElo "529"]
[BlackElo "424"]
[PlyCount "81"]
[EventDate "2014.11.18"]
[EventType "match (corr)"]
[EventRounds "2"]
[EventCountry "GER"]
[SourceTitle "Corr 2015"]
[Source "ChessBase"]
[SourceDate "2015.07.17"]
[SourceVersion "1"]
[SourceVersionDate "2015.07.17"]
[SourceQuality "1"]

1. e4 Nc6 2. c3 Nf6 3. d3 d5 4. e5 Nxe5 5. Nd2 Bg4 6. f3 e6 7. fxg4 Nfxg4 8. Nb3 Qf6 9. Nf3 Bd6 10. h3 Nxf3+ 11. gxf3 Bg3+ 12. Kd2 Nf2 13. Qe2 Bf4+ 14. Kc2 Qh4 15. Rg1 c6 16. Bxf4 Nxh3 17. Rg4 Qf2 18. Qxf2 Nxf2 19. Rxg7 0-0-0 20. Rxf7 Rdf8 21. Rc7+ Kd8 22. Rxb7 Rxf4 23. Rb8+ Kc7 24. Rxh8 Kb6 25. Bg2 e5 26. Bf1 Rxf3 27. Rxh7 Ng4 28. Re1 Ne3+ 29. Rxe3 Rxe3 30. Kd2 d4 31. cxd4 exd4 32. Nxd4 Re8 33. Rh6 Kc5 34. Nxc6 a6 35. d4+ Kd5 36. Bg2+ Kc4 37. b3+ Kb5 38. Bf1+ Kb6 39. Nb4+ Ka5 40. a3 Rf8 41. Rxa6# 1-0

[Event "ZN-2014-0-02821"]
[Site "LSS email"]
[Date "2014.10.06"]
[Round "?"]
[White "Hendershot, Paul"]
[Black "Newton, Daryl"]
[Result "0-1"]
[WhiteElo "575"]
[BlackElo "532"]
[PlyCount "66"]
[EventDate "2014.10.02"]
[EventType "match (corr)"]
[EventRounds "2"]
[EventCountry "GER"]
[SourceTitle "Corr 2015"]
[Source "ChessBase"]
[SourceDate "2015.07.17"]
[SourceVersion "1"]
[SourceVersionDate "2015.07.17"]
[SourceQuality "1"]

1. e4 e5 2. Nf3 Nf6 3. d3 Bc5 4. Nxe5 Qe7 5. Bf4 d6 6. Qd2 dxe5 7. Be3 Ng4 8. Nc3 Nxe3 9. fxe3 Qh4+ 10. Kd1 Bg4+ 11. Ne2 Qf2 12. c4 Bxe3 13. Qc3 Nc6 14. Kc2 Bxe2 15. Kb3 Nd4+ 16. Ka4 0-0 17. h4 c6 18. Qa5 b6 19. Qxe5 Bg4 20. Rb1 Qc2+ 21. b3 Qxa2+ 22. Kb4 Qa5+ 23. Qxa5 Bd2+ 24. Ka4 Bxa5 25. b4 Bxb4 26. Kxb4 a5+ 27. Kc3 Ne6 28. Rxb6 c5 29. g3 Rfb8 30. Rd6 a4 31. Bg2 Rb3+ 32. Kd2 Rb2+ 33. Kc3 Rxg2 0-1

[Event "ZN-2013-0-02399"]
[Site "LSS email"]
[Date "2013.08.05"]
[Round "?"]
[White "Hendershot, Paul"]
[Black "Bearce, Harold L"]
[Result "1-0"]
[WhiteElo "497"]
[BlackElo "575"]
[PlyCount "31"]
[EventDate "2013.08.01"]
[EventType "match (corr)"]
[EventRounds "2"]
[EventCountry "GER"]
[SourceTitle "Corr 2015"]
[Source "ChessBase"]
[SourceDate "2015.07.17"]
[SourceVersion "1"]
[SourceVersionDate "2015.07.17"]
[SourceQuality "1"]

1. e4 e5 2. d3 Nf6 3. Nf3 Nc6 4. c3 d5 5. exd5 Nxd5 6. Nbd2 Be7 7. Nc4 Bd6 8. Ng5 Be7 9. h4 f6 10. Qh5+ g6 11. Qe2 fxg5 12. Nxe5 Qd6 13. d4 Be6 14. hxg5 Nxe5 15. dxe5 0-0-0 16. exd6 1-0

[Event "ZN-2013-0-02389"]
[Site "LSS email"]
[Date "2013.07.29"]
[Round "?"]
[White "Novoa, Nicolas"]
[Black "Hendershot, Paul"]
[Result "0-1"]
[WhiteElo "374"]
[BlackElo "497"]
[PlyCount "40"]
[EventDate "2013.07.25"]
[EventType "match (corr)"]
[EventRounds "2"]
[EventCountry "GER"]
[SourceTitle "Telechess CBM 161"]
[Source "ChessBase"]
[SourceDate "2014.07.16"]
[SourceVersion "1"]
[SourceVersionDate "2014.07.16"]
[SourceQuality "1"]

1. e4 e5 2. Nf3 d6 3. Bc4 Be6 4. Nc3 Bxc4 5. b3 Be6 6. Nd5 Bxd5 7. exd5 Qe7 8. Ba3 Nf6 9. Ng5 Nxd5 10. c4 Qxg5 11. f4 Nxf4 12. g3 Nd3+ 13. Ke2 e4 14. Rf1 Nd7 15. Rf4 Nf6 16. Rf1 Qh5+ 17. g4 Qxg4+ 18. Ke3 Qh3+ 19. Ke2 Ng4 20. Rb1 Qg2+ 0-1

[Event "ZN-2013-0-02384"]
[Site "LSS email"]
[Date "2013.07.24"]
[Round "?"]
[White "Hendershot, Paul"]
[Black "Csoma, Kristof"]
[Result "0-1"]
[WhiteElo "497"]
[BlackElo "1019"]
[PlyCount "44"]
[EventDate "2013.07.21"]
[EventType "match (corr)"]
[EventRounds "2"]
[EventCountry "GER"]
[SourceTitle "Telechess CBM 163"]
[Source "ChessBase"]
[SourceDate "2014.11.11"]
[SourceVersion "2"]
[SourceVersionDate "2014.11.11"]
[SourceQuality "1"]

1. e4 d6 2. d3 e5 3. Nf3 Nc6 4. c3 d5 5. exd5 Qxd5 6. Be2 Nf6 7. Ng5 h6 8. c4 Qd8 9. Nf3 Bc5 10. 0-0 0-0 11. Nh4 Nd4 12. Nd2 Qd7 13. h3 Rd8 14. Ne4 Nxe4 15. Bg4 f5 16. dxe4 fxg4 17. hxg4 Qxg4 18. Qd3 Qxh4 19. Be3 Nf3+ 20. gxf3 Rxd3 21. Bxc5 Bh3 22. Rfd1 Qg5+ 0-1

[Event "ZN-2013-0-02359"]
[Site "LSS email"]
[Date "2013.07.04"]
[Round "?"]
[White "Hickl, Norbert"]
[Black "Hendershot, Paul"]
[Result "1-0"]
[WhiteElo "985"]
[BlackElo "497"]
[PlyCount "61"]
[EventDate "2013.06.29"]
[EventType "match (corr)"]
[EventRounds "2"]
[EventCountry "GER"]
[SourceTitle "Telechess CBM 161"]
[Source "ChessBase"]
[SourceDate "2014.07.16"]
[SourceVersion "1"]
[SourceVersionDate "2014.07.16"]
[SourceQuality "1"]

1. c4 e5 2. g3 d6 3. Bg2 Nf6 4. Nc3 c6 5. d3 Nbd7 6. Nf3 h6 7. a3 Ng4 8. 0-0 Ndf6 9. h3 Nxf2 10. Rxf2 Bf5 11. b4 Nh5 12. g4 Ng3 13. gxf5 Nxf5 14. Nxe5 dxe5 15. Rxf5 Qd4+ 16. Kh1 Qxc3 17. Bd2 Qd4 18. Qf1 f6 19. b5 c5 20. Bxb7 Rb8 21. Bc6+ Kd8 22. Rxf6 Be7 23. Ba5+ Rb6 24. Bxb6+ axb6 25. Rf7 g5 26. Rd1 Qd6 27. Qf5 e4 28. Qxe4 Rf8 29. Rxf8+ Bxf8 30. Qe8+ Kc7 31. Rf1 1-0

[Event "ZN-2013-0-02345"]
[Site "LSS email"]
[Date "2013.06.26"]
[Round "?"]
[White "Wakeham, Marc R"]
[Black "Hendershot, Paul"]
[Result "1-0"]
[WhiteElo "736"]
[BlackElo "497"]
[PlyCount "43"]
[EventDate "2013.06.23"]
[EventType "match (corr)"]
[EventRounds "2"]
[EventCountry "GER"]
[SourceTitle "Telechess CBM 161"]
[Source "ChessBase"]
[SourceDate "2014.07.16"]
[SourceVersion "1"]
[SourceVersionDate "2014.07.16"]
[SourceQuality "1"]

1. e4 e5 2. Nf3 d6 3. d4 exd4 4. Nxd4 Nf6 5. Nc3 Be7 6. Bd3 c6 7. 0-0 Bg4 8. f3 c5 9. Nde2 Bh5 10. Nf4 0-0 11. Ncd5 Nc6 12. Nxe7+ Nxe7 13. Qe1 Qd7 14. e5 Nfd5 15. Nxd5 Nxd5 16. c4 Nb4 17. Bb1 dxe5 18. Qxe5 g6 19. Qf6 Nd3 20. Bh6 Qd4+ 21. Qxd4 Rad8 22. Qg7# 1-0